Scrambled States Quiz Stats

 Plays Quiz not verified by Sporcle

Challenge
Share
Tweet
Embed
Score 0/50 Timer 03:00
0 Plays Today
Scrambled State Unscrambled State % Correct
AIWOIOWA
86.1%
HDAIOIDAHO
85.6%
EGIORGAGEORGIA
85.3%
KNSAASKANSAS
85.3%
NWE YRKONEW YORK
85.3%
IOOHOHIO
85.2%
TRONH OAKDATNORTH DAKOTA
85.1%
WEN XIMECONEW MEXICO
84.9%
ENW SEEJRYNEW JERSEY
84.7%
UTOSH OKDATASOUTH DAKOTA
84.7%
WIAHAIHAWAII
84.4%
IPISSPISMISMISSISSIPPI
84.2%
HUTAUTAH
84.1%
THOUS ACRONAILSOUTH CAROLINA
83.7%
EWN RESHPAMHINEW HAMPSHIRE
83.5%
NOAIZRAARIZONA
83.3%
AMBALAAALABAMA
83.2%
SIOINLILILLINOIS
83%
HONRT LACROANINORTH CAROLINA
83%
UKYECNTKKENTUCKY
82.9%
XTSAETEXAS
82.5%
MOYNIWGWYOMING
82.4%
AKSAALALASKA
82.2%
SIWCSOINNWISCONSIN
82.2%
TSWE RIGVANIIWEST VIRGINIA
81.9%
Scrambled State Unscrambled State % Correct
KRANASSAARKANSAS
81.5%
DAVENANEVADA
81.3%
MORVENTVERMONT
81.3%
LWEDARAEDELAWARE
81.1%
NINAADIINDIANA
81.1%
DEHOR NAISLDRHODE ISLAND
80.8%
MEIANMAINE
80.6%
SESENEENTTENNESSEE
80.6%
NGROEOOREGON
80.5%
SOURIMISMISSOURI
80.3%
TNMONAAMONTANA
80.3%
DNALYRAMMARYLAND
79.6%
AHMOALOKOKLAHOMA
77.9%
IRNAGIVIVIRGINIA
77.8%
ROODCLAOCOLORADO
76.4%
NHIGIMACMICHIGAN
76.1%
VNALYAINEPSNPENNSYLVANIA
75.5%
AORFILDFLORIDA
74.8%
OLIIUNSAALOUISIANA
73.4%
NCTNCCTUIOECONNECTICUT
72.7%
SCSMSTSTAHAUEMASSACHUSETTS
72%
INMNOASTEMINNESOTA
71.9%
GONTNHSAWIWASHINGTON
70.7%
BRENSAAKNEBRASKA
68.8%
ORFLACIIANCALIFORNIA
62.4%

You're not logged in!

Compare scores with friends on all Sporcle quizzes.
Join for Free
OR
Log In

You Might Also Like...

Show Comments

Extras

Top Quizzes Today


Score Distribution

Your Account Isn't Verified!

In order to create a playlist on Sporcle, you need to verify the email address you used during registration. Go to your Sporcle Settings to finish the process.

Report this User

Report this user for behavior that violates our Community Guidelines.

Details: